| 000 | 07897nam a22006017a 4500 | ||
|---|---|---|---|
| 005 | 20120210112728.0 | ||
| 010 | _aB-473842-871 | ||
| 020 |
_c175.00 _a9788189934675 |
||
| 035 | _aB-473842-871 | ||
| 037 | _bब्लूबेरी बुक्स | ||
| 082 | _aक | ||
| 100 |
_aनागराजन, मल्लिका _950877 |
||
| 245 |
_aमाही और पेड़ का हाथी / _cमल्लिका नागराजन;नीना वाघ द्वारा अनुदित |
||
| 260 |
_aनई दिल्ली _bकथा वर्ल्ड लाइब्रेरी _c2010 |
||
| 270 |
_aए-3 सर्वोदय एनक्लेव, श्री औरोबिन्दो मार्ग _bनई दिल्ली _e110017 |
||
| 300 |
_aअ.पृ. _bसचित्र _c28सेमी (अजिल्द) |
||
| 700 |
_941293 _aवाघ, नीना |
||
| 700 | _941305 | ||
| 700 | _941360 | ||
| 942 |
_2ddc _cCH _hक _mनागरा |
||
| 999 |
_c62462 _d62462 |
||